| 000 | 00386nam a2200133Ia 4500 | ||
|---|---|---|---|
| 008 | 250506s9999 xx 000 0 und d | ||
| 024 | _aNot available | ||
| 082 | _a629.892072 MUR | ||
| 100 | _aMurtaza Mohammad Bhai, Mir Shahnawaz & Nabeel Qureshi | ||
| 245 | 0 | _aMille-Arm | |
| 260 |
_aKarachi: _bUIT, _c1996 |
||
| 600 | _aElectronic Engineering | ||
| 650 | _aBachelor of Engineering (BE) | ||
| 999 |
_c27851 _d27851 |
||